<?xml version="1.0" encoding="UTF-8"?>
<record
    xmlns:xsi="http://www.w3.org/2001/XMLSchema-instance"
    xsi:schemaLocation="http://www.loc.gov/MARC21/slim http://www.loc.gov/standards/marcxml/schema/MARC21slim.xsd"
    xmlns="http://www.loc.gov/MARC21/slim">

  <leader>01606cam a22002415a 4500</leader>
  <controlfield tag="001">17410740</controlfield>
  <controlfield tag="005">20160308151253.0</controlfield>
  <controlfield tag="008">120727t2013    ilua   frb    001 0 eng d</controlfield>
  <datafield tag="020" ind1=" " ind2=" ">
    <subfield code="a">9780867155716</subfield>
  </datafield>
  <datafield tag="040" ind1=" " ind2=" ">
    <subfield code="a">DNLM/DLC</subfield>
    <subfield code="c">DLC</subfield>
    <subfield code="d">DLC</subfield>
    <subfield code="d">EG-ScBUE</subfield>
    <subfield code="b">eng</subfield>
  </datafield>
  <datafield tag="082" ind1="0" ind2="4">
    <subfield code="a">617.6342059</subfield>
    <subfield code="2">22</subfield>
    <subfield code="b">CON</subfield>
  </datafield>
  <datafield tag="245" ind1="0" ind2="0">
    <subfield code="a">Contemporary restoration of endodontically treated teeth :</subfield>
    <subfield code="b">evidence-based diagnosis and treatment planning /</subfield>
    <subfield code="c">edited by Nadim Z. Baba.</subfield>
  </datafield>
  <datafield tag="260" ind1=" " ind2=" ">
    <subfield code="a">Hanover Park :</subfield>
    <subfield code="b">Quintessence Publishing,</subfield>
    <subfield code="c">c.2013.</subfield>
  </datafield>
  <datafield tag="300" ind1=" " ind2=" ">
    <subfield code="a">x, 218 p. :</subfield>
    <subfield code="b">ill. (col.) ;</subfield>
    <subfield code="c">28 cm.</subfield>
  </datafield>
  <datafield tag="500" ind1=" " ind2=" ">
    <subfield code="a">Index : p. 213-218.</subfield>
  </datafield>
  <datafield tag="504" ind1=" " ind2=" ">
    <subfield code="a">Includes bibliographical references.</subfield>
  </datafield>
  <datafield tag="505" ind1="0" ind2=" ">
    <subfield code="a">Impact of outcomes data on diagnosis and treatment planning -- Treatment-planning considerations for endodontically treated teeth -- Treatment options and materials for endodontically treated teeth -- Principles for restoration of endodontically treated teeth -- Cementation of posts and provisional restoration -- Tooth whitening and management of discolored endodontically treated teeth -- Crown lengthening -- Preprosthetic orthodontic tooth eruption -- Intra-alveolar transplantation -- Autotransplantation and replantation -- Osseointegrated dental implants -- Repair of perforations in endodontically treated teeth -- Removal of posts -- Removal of broken instruments from the root canal system -- Endodontic treatment of a tooth with a prosthetic crown -- Retrofitting a post to an existing crown.</subfield>
  </datafield>
  <datafield tag="650" ind1=" " ind2="0">
    <subfield code="a">Endodontics.</subfield>
    <subfield code="2">BUEsh</subfield>
  </datafield>
  <datafield tag="651" ind1=" " ind2=" ">
    <subfield code="2">BUEsh</subfield>
  </datafield>
  <datafield tag="653" ind1=" " ind2=" ">
    <subfield code="b">DDent</subfield>
    <subfield code="c">March2016</subfield>
  </datafield>
  <datafield tag="700" ind1="1" ind2=" ">
    <subfield code="a">Baba, Nadim Z.,</subfield>
    <subfield code="e">editor.</subfield>
  </datafield>
  <datafield tag="942" ind1=" " ind2=" ">
    <subfield code="2">ddc</subfield>
  </datafield>
  <datafield tag="999" ind1=" " ind2=" ">
    <subfield code="c">21337</subfield>
    <subfield code="d">21309</subfield>
  </datafield>
  <datafield tag="952" ind1=" " ind2=" ">
    <subfield code="0">0</subfield>
    <subfield code="1">0</subfield>
    <subfield code="2">ddc</subfield>
    <subfield code="4">0</subfield>
    <subfield code="7">0</subfield>
    <subfield code="8">Al-Dar AlA</subfield>
    <subfield code="a">MAIN</subfield>
    <subfield code="b">MAIN</subfield>
    <subfield code="c">1ST</subfield>
    <subfield code="d">2016-03-08</subfield>
    <subfield code="e">Purchase</subfield>
    <subfield code="g">1280.00</subfield>
    <subfield code="h">583</subfield>
    <subfield code="l">2</subfield>
    <subfield code="m">53</subfield>
    <subfield code="o">617.6342059 CON</subfield>
    <subfield code="p">000031901</subfield>
    <subfield code="q">2022-05-28</subfield>
    <subfield code="r">2018-03-24 00:00:00</subfield>
    <subfield code="s">2018-03-24</subfield>
    <subfield code="v">1600.00</subfield>
    <subfield code="y">BB</subfield>
  </datafield>
</record>
